Регионална библиотека "Любен Каравелов" - Русе

Самолетите (Запис номер 37549)

MARC детайли
000 -Лидер
Контролно поле с фиксирана дължина 01608nam a2200397 c 4500
003 - Код на организацията, давaща контролен номер
Контролно поле BLK
005 - Дата и час на последна редакция
Контролно поле 20201127163252.0
008 - Елементи от данни с фиксирана дължина
fixed length control field 180408b bul|||||r ||||||| ||bul||
010 ## - Наследен системен номер
LC control number KNG00040708000
020 ## - Международен стандартен номер на книга ISBN
Международен стандартен номер на книга ISBN 978-954-625-968-4
-- издат.: Фют
040 ## - Източник на каталожния запис
Идентификатор на билиотеката - собственик на записа BLK
041 ## - Код за език
Код за езика на текст/звукозапис или на отделно заглавие Български
Код за езика КДБФ Български
072 #7 - Код за тематичната категория
Код организация bullib
Код за тематична категория Н86
Текст Детска отраслова литература Н
080 ## - УДК
Текстов определител УДК Въздухоплаване. Авиация
УДК код - определител по УДК 629.73
УДК определител (02.053.2)
УДК - код + определител 629.73(02.053.2)
100 1# - Редна дума - Автор
Автор Трухильо, Едуардо
Авторска отговорност първи автор
R(LIN) 275633
139 ## - Редно поле
Редна дума Трухильо, Едуардо
Авторски знак Тру - Т 87
245 10 - Сведения за заглавието
Заглавие Самолетите
Редно поле (дума) Едуардо Трухильо; ил. Ф. Валиенте; прев. Дафинка Владимирова Иванова-Пламенова.
257 ## - Страна на издаване
Страна на създаване/издаване Испания
260 ## - Област на издателските данни
-- София
Име на издателя, разпространителя и проч. Фют
Година на издаване 2014
300 ## - Физическа характеристика
Страници 29 с.
Илюстрации и др. с цв. ил.
Размери/Мащаб 29 см
380 ## - Жанр
Жанр Детска отраслова лит.
490 1# - СЕРИИ (Колекции)
Име на серия Прочети и научи! Потърси и намери!
500 ## - Общи забележки
Забележка Ориг. загл. Busca en los aviones y aeropuertos.
650 #4 - Допълнително описание по предмет – тема
Основно описание – тема или топоним Самолети
9 (RLIN) 170161
653 ## - Ключова дума – ненормативна
Ключова дума самолети
653 ## - Ключова дума – ненормативна
Ключова дума литература за деца
653 ## - Ключова дума – ненормативна
Ключова дума детска литература
659 ## - Тематичен бюлетин
Тематичен бюлетин Н
700 1# - Други автори (авторска отговорност)
Лично име Валиенте, Ф.
Автороска отговорност (Описва отношението между автора и произведението) ил.
9 (RLIN) 275634
700 1# - Други автори (авторска отговорност)
Лично име Иванова-Пламенова, Дафинка Владимирова
Автороска отговорност (Описва отношението между автора и произведението) прев.
9 (RLIN) 275635
852 ## - Местоположение
Форматна сигнатура Цб ІІ 20297
856 4# - Електронен адрес и достъп
Електронен формат pdf - файл
Път до файла /url/
856 4# - Електронен адрес и достъп
Електронен формат pdf - файл
Път до файла /url/
942 ## - АРТИКУЛИ
Вид на библиотечния материал Книги
Скрит в OPAC Не
Koha issues (borrowed), all copies 7
944 ## - СЪЗДАВАНЕ И РЕДАКЦИЯ на ЗАПИСА
Създаване/Редакция Създаване
Дата на регистрацията/редакция 11.12.2014
Статус, дата на статуса ф /
Служител, извършил регистрацията/редакцията Виолета_Тройчева
944 ## - СЪЗДАВАНЕ И РЕДАКЦИЯ на ЗАПИСА
Създаване/Редакция Редакция
Дата на регистрацията/редакция 29.01.2016
Статус, дата на статуса ф /
Служител, извършил регистрацията/редакцията Людмила_Стоянова
999 ## - СИСТЕМНИ КОНТРОЛНИ НОМЕРА
Koha biblionumber 37549
Koha biblioitemnumber 37549
Наличности
Код за отписване Код за изгубен артикул Код за повреда Коз за рестрикции Код за отдаване Артикулен № Име на библиотеката - собственик Име на библиотеката, в която се намира в момента Статус (Текущо местоположение) Дата на вписване в системата Местоположение - отдел Цена в лева Инвентарен номер Систематично азбучна сигнатура Баркод Номер на екземпляра Цена в евро Служебна бележка Служебен тип на артикула
Изтеглен Не е изгубен Не е повреден без рестрикции заемане за дома 58973 Регионална библиотека "Любен Каравелов" Русе Регионална библиотека "Любен Каравелов" Русе Детски отдел 2014-12-10 Детски отдел 9.90 120000783804 ДН 629/Т 87 120000783804 1 5.06 Дост: Pk Вид: Ф N: 422 Дата: 10.12.2014 Дата инв: 20.08.2015 Бележки инв: Д2015 Книги
  Не е изгубен Не е повреден без рестрикции ползва се в читалня 58974 Регионална библиотека "Любен Каравелов" Русе Регионална библиотека "Любен Каравелов" Русе Хранилище 2015-10-22 Хранилище 9.90 120000793949 Цб ІІ 20297 120000793949 2 5.06 Дост: Dp Вид: Д N: 37 Дата: 28.08.2015 Книги
Vip Innovations Ltd, Rousse, Bulgaria 2025